La utilidad de lo minúsculo : informalidad y microempresa en México, Centroamérica y los países andinos /

Ante el grave problema del desempleo que se ha agudizado en los países pobres de Latinoamérica a partir de los años noventa del siglo XX, la economía de estos países ha mostrado capacidad de aprovechar sus recursos para crecer económicamente, a costa de imponer a sus miembros mayores cargas: multiem...

Celý popis

Uloženo v:
Podrobná bibliografie
Hlavní autor: Alba Vega, Carlos (autor)
Další autoři: Kruijt, Dirk (autor) (autor)
Médium: Kniha
Jazyk:španělština
Vydáno: México : El Colegio de México, Centro de Estudios Internacionales, 1995, c1995
Edice:(Jornadas ; 125)
Témata:
Tagy: Přidat tag
Žádné tagy, Buďte první, kdo vytvoří štítek k tomuto záznamu!

MARC

LEADER 00000nam^a2200000^a^4500
001 000399123
005 20250521000000.0
009 20260310121542.768
020 |a 968-12-0627-4 
037 |a Acervo ITESO - Biblioteca 
041 |a ESP 
082 |a 300. 5  |b JOR V. 125 
100 |a Alba Vega, Carlos  |e (autor) 
240 1 1 |a [Jornadas] 
245 1 3 |a La utilidad de lo minúsculo :  |b informalidad y microempresa en México, Centroamérica y los países andinos /  |c C. Alba Vega, D. Kruijt. 
264 4 |a México :  |b El Colegio de México, Centro de Estudios Internacionales,  |c 1995, c1995 
300 |a 193 p. 
336 |a texto  |b txt  |2 rdacontenido 
337 |a sin mediación  |b n  |2 rdamedio 
338 |a volumen  |b nc  |2 rdasoporte 
440 1 |a (Jornadas ;  |v 125) 
520 |a Ante el grave problema del desempleo que se ha agudizado en los países pobres de Latinoamérica a partir de los años noventa del siglo XX, la economía de estos países ha mostrado capacidad de aprovechar sus recursos para crecer económicamente, a costa de imponer a sus miembros mayores cargas: multiempleo, doble jornada, ocupación infantil. Este libro analiza algunos de los fenómenos más significativos en torno al impacto del sector informal y de la microempresa en países latinoamericanos que enfrentan el proceso de globalización económica. 
561 |a Obra autografiada por Carlos Alba Vega para Carlos Núñez Hurtado el 23 de mayo de 1996 
649 |a XX 
650 |a Mujeres -  |z Latinoamérica -  |x Condiciones Laborales 
650 |a Niños -  |z Latinoamérica -  |x Condiciones Laborales 
650 |a Pobreza -  |z Latinoamérica 
650 |a Redes Sociales -  |z Latinoamérica 
650 |a Doble Jornada -  |z Latinoamérica 
650 |a Trabajo Infantil -  |z Latinoamérica 
650 |a Distribución del Ingreso -  |z Latinoamérica 
650 |a Empleo y Desempleo -  |z Latinoamérica 
650 |a Microempresa -  |z Latinoamérica -  |x Tema Principal 
650 |a Pequeña Empresa -  |z Latinoamérica 
650 |a Apertura Comercial e Integración Económica -  |z Latinoamérica 
650 |a Riesgo Económico -  |z Latinoamérica 
650 |a Formación y Capacitación Laboral -  |x Aspectos Económicos 
650 |a Economía Subterránea -  |z Latinoamérica -  |x Tema Principal 
650 |a Industrialización -  |z Latinoamérica 
650 |a Problemas Sociales -  |z Latinoamérica 
650 |a Programas Sociales -  |z Latinoamérica 
650 |a Capitalismo -  |z Latinoamérica 
650 |a Globalización 
650 |a Economía Internacional 
650 |a Economía -  |z Latinoamérica -  |x Tema Principal 
650 |a Latinoamérica -  |x Condiciones Económicas 
700 |a Kruijt, Dirk  |e (autor) 
910 |a Fondo Carlos Núñez Hurtado 
920 |a Impresos - Libros 
930 |a Fondos Especiales 
905 |a 117 
901 |a 0500294314  |b IT2  |c ESP  |i d80597  |u 20250521 
902 |a https://opac.biblio.iteso.mx/vufind/Record/000399123